| 000 | 00614cam a2200205 4500500 | ||
|---|---|---|---|
| 005 | 20260405000458.0 | ||
| 041 | _afre | ||
| 042 | _adc | ||
| 100 | 1 | 0 |
_aEltchaninoff, Michel _eauthor |
| 245 | 0 | 0 | _aÉric Rohmer : “La philosophie fait partie du suspense” |
| 260 | _c2007. | ||
| 500 | _a53 | ||
| 690 | _aCinéma | ||
| 690 | _aFilm | ||
| 690 | _aNouvelle Vague | ||
| 690 | _aRohmer | ||
| 690 | _aroman | ||
| 786 | 0 | _nPhilosophie magazine | 12 | 9 | 2007-09-01 | p. 54-54 | 1951-1787 | |
| 856 | 4 | 1 | _uhttps://shs.cairn.info/magazine-philosophie-magazine-2007-9-page-54?lang=fr&redirect-ssocas=7080 |
| 999 |
_c2037533 _d2037533 |
||